000 00624nam a2200193Ia 4500
003 GCL
008 140319s9999 xx 000 0 ara d
040 _aGCL /
_cGCL
082 0 4 _a321.8
_bت م
100 1 _aحسن قبيسى
245 1 0 _aما هى الديمقراطية??: حكم الاكثرية ام ضمانات الاقلية /
_cحسن قبيسى
700 1 _aتورين، الان
300 _a264 ص
490 _aالهيئة العامة للاستعلامات
_v0
650 0 4 _aالحقوق السياسية
650 0 4 _aحقوق الانسان
650 0 4 _aالديمقراطية
942 _2ddc
_cBK
999 _c47763
_d47763